000 01382namaa22003251i 4500
005 20260524112202.0
008 260524s1995 ua a|||frm||| 000 0 eng d
040 _aEG-GICUC
_beng
_cEG-GICUC
_dEG-GICUC
_erda
041 0 _aeng
_beng
_bara
049 _aDeposit
097 _aPh.D
099 _aCai01.13.11.Ph.D.1995.Ze.E
100 0 _aZeinab Sayed Abd El Rehim,
_epreparation.
245 1 0 _aExperiment and theoretical studies of packed beds thermal energy storage /
_cby Zeinab Sayed Abd El Rehim ; Supervision Prof. Dr. M.S. Abdel Salam, Prof. Dr. A.I. El-Sharkawy, Prof. Dr. S.I. Aly
246 1 5 _aدراسة تجربيية ونظرية عن تخزين الطاقة الحرارية في المهد المحشوة
264 0 _c1995.
300 _a295 pages
_billustrations
_c25 cm. +
336 _2rda content
_atext
337 _2rdamedia
_aUnmediated
338 _2rdacarrier
_avolume
502 _aThesis (Ph.D)-Cairo University, 1995
504 _aBibliography: pages 276-295
653 0 _apacked beds thermal energy storage
700 0 _aM.S. Abdel Salam
_ethesis advisor.
700 0 _aA.I. El-Sharkawy
_ethesis advisor.
700 0 _aS.I. Aly
_ethesis advisor.
900 _DDepartment of Mechanical Engineering
_FFaculty of Engineering
_UCairo University
_b1995
_cM.S. Abdel Salam
_cA.I. El-Sharkawy
_cS.I. Aly
905 _aNehad
942 _2ddc
_cTH
_e21
_n0
999 _c180287